|
|
|
|
| LEADER |
01462nam a2200349 a 4500 |
| 001 |
35935 |
| 003 |
BD-DhAAL |
| 005 |
20211129151055.0 |
| 008 |
35935 t1999 ii b 001 0 benod |
| 999 |
|
|
|c 41308
|d 41308
|
| 010 |
|
|
|a 99956835
|
| 020 |
|
|
|a 818569639X
|
| 025 |
|
|
|a I-B-99-956835; 007
|
| 035 |
|
|
|a (DLC) 99956835
|
| 037 |
|
|
|b Library of Congress -- New Delhi Field Office
|c Rs70.00
|
| 040 |
|
|
|a DLC
|c DLC
|d BD-DhAAL
|
| 042 |
|
|
|a lcode
|
| 050 |
0 |
0 |
|a PK1658
|b .D34 1999
|
| 082 |
|
|
|a 491.44
|2 22
|
| 100 |
1 |
|
|a দাশ, শিশিরকুমার,
|d ১৯৩৬-২০০৩.
|9 34876
|
| 245 |
1 |
0 |
|a মোদের গরব মোদের আশা /
|c শিশিরকুমার দাশ
|
| 246 |
|
|
|a Moder garab moder asha
|
| 260 |
|
|
|a কলকাতা :
|b চিরায়ত প্রকাশন,
|c ১৯৯৯
|
| 300 |
|
|
|a ২০৭ পৃষ্ঠা ;
|c ২২ সে.মি.
|
| 504 |
|
|
|a বিবলিওগ্রাফী ও ইনডেক্স অন্তর্ভুক্ত।
|
| 526 |
|
|
|a BIED
|
| 541 |
|
|
|a Complimentary copy from BIED
|e 35935
|
| 546 |
|
|
|a In Bengali.
|
| 650 |
|
0 |
|a Bengali language.
|9 34877
|
| 852 |
|
|
|a Ayesha Abed Library
|c BIED Collection
|
| 942 |
|
|
|2 ddc
|c BK
|
| 952 |
|
|
|0 0
|1 0
|2 ddc
|4 0
|6 491_440000000000000_DAS
|7 0
|9 66398
|a BRACUL
|b BRACUL
|c GEN
|d 2019-09-18
|e Complimentary copy from BIED
|l 0
|o 491.44 DAS
|p 3010035935
|r 2019-09-18
|t 1
|w 2019-09-18
|y BK
|x Transferred from BIED to General Stacks
|